Central Library OPAC University of Rajshahi

Police hanbook / (Record no. 46699)

MARC details
000 -LEADER
fixed length control field 00569nam a2200217 a 4500
001 - CONTROL NUMBER
control field 46699
003 - CONTROL NUMBER IDENTIFIER
rucl marc code BD-RjUL
005 - DATE AND TIME OF LATEST TRANSACTION
control field 20211209054207.0
008 - FIXED-LENGTH DATA ELEMENTS--GENERAL INFORMATION
fixed length control field 160803s1965 ii ||||| |||| 00| 0 eng d
035 ## - SYSTEM CONTROL NUMBER
System control number (BD-RjUL)46818
040 ## - CATALOGING SOURCE
Original cataloging agency BD-RjUL
Language of cataloging eng
Transcribing agency BD-RjUL
041 ## - LANGUAGE CODE
Language code of text/sound track or separate title eng
082 ## - DEWEY DECIMAL CLASSIFICATION NUMBER
Edition number 23
Classification number 363.25
Author mark and year LAP 1965
100 ## - MAIN ENTRY--PERSONAL NAME
Personal name Lahiri, S.K.
9 (RLIN) 142355
245 ## - TITLE STATEMENT
Title Police hanbook /
Statement of responsibility, etc. by S. K. Lahiri
250 ## - EDITION STATEMENT
Edition statement 15 ed.
260 ## - PUBLICATION, DISTRIBUTION, ETC. (IMPRINT)
Place of publication, distribution, etc. Calcutta :
Name of publisher, distributor, etc. Law Book Society,
Date of publication, distribution, etc. 1965.
300 ## - PHYSICAL DESCRIPTION
Pagination xviii, ...p.;
Size 23 cm
650 ## - SUBJECT ADDED ENTRY--TOPICAL TERM
Topical term or geographic name as entry element Police--Handbooks
9 (RLIN) 142356
942 ## - ADDED ENTRY ELEMENTS (KOHA)
Source of classification or shelving scheme Dewey Decimal Classification
Koha item type Books
Holdings
Lost status Source of classification or shelving scheme Damaged status Not for loan Collection code Permanent Location Current Location Shelving location Date acquired Source of acquisition Cost, normal purchase price Total Checkouts Full call number Date last seen Copy number Koha item type
  Dewey Decimal Classification     Non-fiction Central Library, University of Rajshahi Central Library, University of Rajshahi   14/03/1967 Raj. Corp. 13.50   363.25 LAP 1965 03/08/2016 C-2 Books
  Dewey Decimal Classification     Non-fiction Central Library, University of Rajshahi Central Library, University of Rajshahi   14/03/1967 Raj. Corp. 13.50   363.25 LAP 1965 07/08/2016 C-3 Books
  Dewey Decimal Classification     Non-fiction Central Library, University of Rajshahi Central Library, University of Rajshahi   14/03/1967 Raj. Corp. 13.50   363.25 LAP 1965 07/08/2016 C-4 Books